Quiz Cultura Generale - Quiz n°87 - Statistics

Statistiche generali
  • Questo quiz è stato fatto 292 volte
  • Il punteggio medio è 7 su 15
Statistiche sulle risposte
Domanda Risposta % Corretto
Di quale band faceva parte Freddie Mercury? Queen
98%
Oltre che in Trentino-Alto Adige, in quale altra regione scorre il fiume Adige? Veneto
89%
Quanto misura l'area di un triangolo rettangolo i cui cateti sono lunghi 3 cm e 4 cm? 6 cm²
81%
In quale regione si trova l'area geografica della Brianza? Lombardia
78%
Qual è la forma di governo in Brasile? Repubblica presidenziale federale
53%
Chi venne incoronato Imperatore il 25 dicembre 800? Carlo Magno
43%
Quale mare è collegato all'Oceano Atlantico tramite lo Stretto di Dover? Mare del Nord
42%
Qual è il vero nome del cantante Nek? Filippo Neviani
37%
Quale nazione ha la bandiera con la più alta percentuale di colore rosso? Marocco
37%
Quale stato confina con Panama e Nicaragua? Costa Rica
33%
Come si chiamano le antiche costruzioni in pietra di forma troncoconica presenti in tutta la Sardegna? Nuraghi
32%
Quanti anagrammi (anche privi di significato) si possono fare con la parola "Faro"? 24
19%
Quale personaggio di Harry Potter uccide Nagini con la Spada di Grifondoro? Neville Paciock
14%
Come si chiama il punto di massima distanza tra la Terra ed il Sole? Afelio
11%
A quale nazione appartiene l'Isola del Nord? Nuova Zelanda
11%
Nessun quiz corrispondente trovato
Distribuzione punteggi
Percentuale di utenti per punteggio
Percentile per numero di risposta
I tuoi punteggi nel tempo
Non hai fatto questo quiz